載入...

Nehru's Idea Of History

書目詳細資料
主要作者: T K Ravindran
格式: Printed Book
語言:Undetermined
出版: Light & life publishers 1980
New Delhi
版:1st
主題:
LEADER 00622nam a2200229Ia 4500
008 141122s9999 xx 000 0 und d
040 |c . 
041 |a English 
082 |a 900 
082 |b RAV/NE 
100 |a T K Ravindran 
245 |a Nehru's Idea Of History 
245 |c T K Ravindran 
250 |a 1st  
260 |b Light & life publishers 
260 |b New Delhi 
260 |c 1980 
300 |a 143 Pages 
650 |a General 
942 |c BK 
999 |c 19007  |d 19007 
952 |0 0  |1 0  |4 0  |6 900_000000000000000_RAVNE  |7 0  |9 18670  |a COVAS  |b COVAS  |d 0000-00-00  |o 900 RAV/NE  |p 11776  |r 2014-11-26  |w 2014-11-26  |y BK